| 000 | 03579nam1a22005531i 4500 | ||
|---|---|---|---|
| 001 | v19\rc\2101975 | ||
| 005 | 20260408083754.0 | ||
| 035 | _a(NLR Aleph) 005281022 | ||
| 090 |
_a6098389 _c6098389 |
||
| 100 | _a20090914g18021803m y0rusy50 ca | ||
| 101 | 1 |
_arus _bfre _ceng |
|
| 102 | _aRU | ||
| 140 | _aa у cma zzy | ||
| 200 | 1 |
_aМонах или Пагубныя следствия пылких страстей _fсочинение славной г. Радклиф _gпереведено с французскаго И. Пвнкв [Павленковым] и И. Рслкв [Росляковым] |
|
| 210 |
_aВ Санктпетербурге _cпри Императорской Академии наук _d1802-1803 |
||
| 215 | _d12° | ||
| 300 | _aЦенз.: С.Н. Завалиевский (ч.1,2); С.С. Кушников (ч.3,4) | ||
| 300 | _aВ рус. пер. авторство ошибочно приписывалось А. Радклиф. | ||
| 300 | _aПер.: И. Павленков, И. Росляков. | ||
| 300 | _aСписок подписч. на с.I-VI ч.4. | ||
| 300 | _aКнигопродач. объявл. И.П. Глазунова на с.[1-2] ч.1. | ||
| 300 | _aНа тит. л. авт. г. Радклиф указана ошибочно, в действительности авт. является Льюис Мэтью Грегори | ||
| 300 | _aИмеются ошибки в колонцифрах. С.145 ч.3 ошибочно помечена: 144 | ||
| 300 | _aИмеются подстроч. примеч. | ||
| 300 | _aСюжет. ил. Офорт с резцом | ||
| 300 | _aИмеется тит. изд.: Монах францисканской, или Пагубныя следствия пылких страстей. | ||
| 300 | _aРец.: Московский Меркурий. 1803. №3. С.218-223. | ||
| 321 | 1 | _aСК 1801-1825 4655 | |
| 488 | 1 |
_1200##$aМонах францисканской, или Пагубныя следствия пылких страстей. _tМонах францисканской, или Пагубныя следствия пылких страстей. |
|
| 517 | 0 | _aПагубныя следствия пылких страстей | |
| 518 | _aМонах или Пагубные следствия пылких страстей | ||
| 518 | _aПагубные следствия пылких страстей | ||
| 620 | _dСанкт-Петербург | ||
| 700 | 1 |
_7ca _8rus _aЛьюис _bМ. Г. _f1775-1818 _gМэтью Грегори _9242598 _3RU\NLR\AUTH\770242654 |
|
| 702 | 1 |
_aЗавалиевский _bС.Н. _fок.1767-1831 _gСтепан Никитич _4190 |
|
| 702 | 1 |
_4190 _7ca _8rus _aКушников _bС. С. _f1765-1839 _gСергей Сергеевич _9184020 _3RU\NLR\AUTH\770184071 |
|
| 702 | 1 |
_6z01790 _aПавленков _bИ. _4730 |
|
| 702 | 1 |
_6z02790 _aРосляков _bИ. _4730 |
|
| 702 | 1 |
_4160 _7ca _8rus _aГлазунов _bИ. П. _f1762-1831 _gИван Петрович _9170958 _3RU\NLR\AUTH\770171008 |
|
| 702 | 1 |
_7ca _8rus _aРадклиф _bА _f1764-1823 _gАнна _917076 _3RU\NLR\AUTH\7734070 |
|
| 712 | 0 | 2 |
_4610 _aИмператорская типография Вейтбрехта _cПетербург _9838690 _3RU\NLR\AUTH\8810171428 |
| 790 | 1 |
_6z01702 _aПвнкв _bИ. |
|
| 790 | 1 |
_6z02702 _aРслкв _bИ. |
|
| 801 | 0 |
_aRU _bNLR _c20090914 _gpsbo |
|
| 801 | 1 |
_aRU _bProSoft-M _c20090914 _2rusmarc |
|
| 801 | 2 |
_aRU _bNLR _c20120320 _2rusmarc |
|
| 852 |
_aNLR _j18.258.5.50 (ч.1-4) |
||
| 942 | _cBOOK | ||